| 000 | 00696nam a2200229 i 4500 | ||
|---|---|---|---|
| 001 | bg | ||
| 100 | 1 | _aMROZIŃSKI, Stanisław | |
| 245 | 1 | 0 |
_aPodstawy konstrukcji maszyn : _blaboratorium / _cStanisław Mroziński. |
| 260 |
_aBydgoszcz : _bWydawnictwa Uczelniane Akademii Techniczno-Rolniczej, _c2001. |
||
| 300 |
_a163 s. : _bil. ; _c24 cm. |
||
| 504 | _aBibliogr. przy rozdz. | ||
| 650 | 9 |
_aMaszyny _xbudowa i konstrukcje |
|
| 650 | 9 |
_aMaszyny _xpomiary |
|
| 655 | _aPodręczniki akademickie | ||
| 020 | _a8387274984 | ||
| 040 | _cBPK | ||
| 041 | 0 | _apl | |
| 080 | _a621.71:621.317:531.7](075.3) | ||
| 920 | _a83-87274-98-4 | ||
| 942 | _cKS | ||
| 008 | s pl f |000 0 pol | ||
| 999 |
_c42436 _d42436 |
||
| 856 |
_uhttp://koha.tu.koszalin.pl/cgi-bin/koha/opac-detail.pl?biblionumber=42436 _yKatalog online BPK |
||